| 000 | 00000nam 2200000zi 4500 |
| 001 | 9.916897 |
| 003 | CaOODSP |
| 005 | 20231025084754 |
| 006 | m o d f |
| 007 | cr ||||||||||| |
| 008 | 221103s2022 oncd ob f000 0 eng d |
| 020 | |z9780660461236 |
| 040 | |aCaOODSP|beng|erda|cCaOODSP |
| 086 | 1 |aT44-3/32-1-2022E-PDF|zT44-3/32-2022E-PDF |
| 100 | 1 |aPrabhakaran, A., |eauthor. |
| 245 | 10|aResearch summary - structural performance of TC-117 tank cars under derailment conditions / |cA. Prabhakaran. |
| 264 | 1|a[Ottawa] : |bTransport Canada = Transports Canada, |c2022. |
| 300 | |a1 online resource (4 pages) : |bgraphs |
| 336 | |atext|btxt|2rdacontent |
| 337 | |acomputer|bc|2rdamedia |
| 338 | |aonline resource|bcr|2rdacarrier |
| 500 | |aIncorrect catalogue number (T44-3/32-2022E-PDF) and ISBN (9780660461236) printed in this publication. |
| 500 | |aIssued also in French under title: Sommaire de recherche – performance structurelle des wagons-citernes TC-117 dans des conditions de déraillement. |
| 504 | |aIncludes bibliographical references. |
| 520 | |a"This research evaluated the structural performance of TC-117 tank car designs in derailment scenarios, using a combination of derailment simulations, puncture performance evaluations, and considerations for cold weather material performance"--Summary, page [1]. |
| 650 | 0|aTank cars|xCrashworthiness|xTesting. |
| 650 | 0|aTank cars|xCrashworthiness|xComputer simulation. |
| 650 | 0|aRailroad accidents|xComputer simulation. |
| 710 | 1 |aCanada. |bTransport Canada, |eissuing body. |
| 775 | 08|tSommaire de recherche – performance structurelle des wagons-citernes TC-117 dans des conditions de déraillement / |w(CaOODSP)9.922172 |
| 856 | 40|qPDF|s358 KB|uhttps://publications.gc.ca/collections/collection_2023/tc/T44-3-32-2022-eng.pdf |
| 856 | 4 |qHTML|sN/A|uhttps://tc.canada.ca/en/dangerous-goods/publications/tank-car-research/research-summary-structural-performance-tc-117-tank-cars-under-derailment-conditions |
| 986 | |a15544E |